[Event "European Youth Chess Championship B12"]
[Site "Prague, Top Hotel Prague"]
[Date "2012.08.25"]
[Round "9.9"]
[White "Grela, Kacper"]
[Black "Kazakovskiy, Valeriy"]
[Result "1/2-1/2"]
[WhiteElo "1894"]
[BlackElo "1951"]
[PlyCount "0"]
[EventDate "2012.08.17"]

1. e4 {[%clk 1:30:58]} e5 {[%clk 1:30:54]} 2. Nf3 {[%clk 1:31:23]} Nc6
{[%clk 1:31:20]} 3. Bb5 {[%clk 1:31:48]} a6 {[%clk 1:31:44]} 4. Ba4
{[%clk 1:32:15]} Nf6 {[%clk 1:32:10]} 5. O-O {[%clk 1:32:38]} Be7
{[%clk 1:32:37]} 6. Re1 {[%clk 1:33:02]} b5 {[%clk 1:33:02]} 7. Bb3
{[%clk 1:33:27]} O-O {[%clk 1:33:27]} 8. d3 {[%clk 1:33:46]} d6 {[%clk 1:33:37]}
9. c3 {[%clk 1:34:10]} Na5 {[%clk 1:33:51]} 10. Bc2 {[%clk 1:34:34]} c5
{[%clk 1:33:51]} 11. Nbd2 {[%clk 1:34:51]} Re8 {[%clk 1:33:20]} 12. Nf1
{[%clk 1:34:26]} Bf8 {[%clk 1:32:20]} 13. h3 {[%clk 1:27:18]} h6 {[%clk 1:31:48]}
14. Ng3 {[%clk 1:24:52]} g6 {[%clk 1:31:33]} 15. d4 {[%clk 1:23:56]} Qc7
{[%clk 1:31:05]} 16. a4 {[%clk 1:22:56]} Bd7 {[%clk 1:24:48]} 17. dxe5
{[%clk 1:12:54]} dxe5 {[%clk 1:22:28]} 18. Nh2 {[%clk 1:12:52]} Be6
{[%clk 1:03:57]} 19. Qf3 {[%clk 1:10:25]} Qe7 {[%clk 1:02:34]} 20. Nhf1
{[%clk 1:01:37]} Bg7 {[%clk 0:52:59]} 21. Ne3 {[%clk 0:59:23]} Red8
{[%clk 0:52:46]} 22. Qe2 {[%clk 0:52:07]} c4 {[%clk 0:51:16]} 23. Ng4
{[%clk 0:47:34]} Nxg4 {[%clk 0:48:52]} 24. hxg4 {[%clk 0:47:38]} Qh4
{[%clk 0:48:16]} 25. g5 {[%clk 0:47:03]} Nb7 {[%clk 0:43:41]} 26. Qe3
{[%clk 0:41:30]} Qxg5 {[%clk 0:36:08]} 27. Qxg5 {[%clk 0:38:54]} hxg5
{[%clk 0:36:37]} 28. Bxg5 {[%clk 0:39:14]} f6 {[%clk 0:36:26]} 29. Be3
{[%clk 0:39:06]} Bf8 {[%clk 0:36:34]} 30. f4 {[%clk 0:36:30]} Bc5
{[%clk 0:36:46]} 31. f5 {[%clk 0:35:30]} gxf5 {[%clk 0:35:29]} 32. exf5
{[%clk 0:34:50]} Bxe3+ {[%clk 0:34:42]} 33. Rxe3 {[%clk 0:35:10]} Bd5
{[%clk 0:32:38]} 34. Ne4 {[%clk 0:26:40]} Kf7 {[%clk 0:32:06]} 35. Rh3
{[%clk 0:25:16]} Rh8 {[%clk 0:29:36]} 36. Rxh8 {[%clk 0:24:44]} Rxh8
{[%clk 0:30:05]} 37. axb5 {[%clk 0:24:58]} axb5 {[%clk 0:30:19]} 38. Ra7
{[%clk 0:24:35]} Rb8 {[%clk 0:20:19]} 39. Ra6 {[%clk 0:21:39]} Bxe4
{[%clk 0:20:29]} 40. Bxe4 {[%clk 0:52:00]} Nc5 {[%clk 0:49:49]} 41. Ra7+
{[%clk 0:51:23]} Ke8 {[%clk 0:48:18]} 42. Bd5 {[%clk 0:39:43]} Rb6
{[%clk 0:47:02]} 43. Rc7 {[%clk 0:37:02]} Nd3 {[%clk 0:46:26]} 44. Rc6
{[%clk 0:36:45]} Rxc6 {[%clk 0:46:26]} 45. Bxc6+ {[%clk 0:37:10]} Kf8
{[%clk 0:46:34]} 46. Bxb5 {[%clk 0:35:54]} Nxb2 {[%clk 0:47:03]} 47. Kf2
{[%clk 0:33:21]} Nd1+ {[%clk 0:47:25]} 48. Kf3 {[%clk 0:33:27]} Nxc3
{[%clk 0:47:35]} 49. Bxc4 {[%clk 0:33:46]} Na4 {[%clk 0:47:11]} 50. Be6
{[%clk 0:33:02]} Kg7 {[%clk 0:47:16]} 51. Kg4 {[%clk 0:32:06]} Kh6
{[%clk 0:47:20]} 52. g3 {[%clk 0:31:18]} Nc5 {[%clk 0:47:19]} 1/2-1/2

[Event "European Youth Chess Championship B12"]
[Site "Prague, Top Hotel Prague"]
[Date "2012.08.25"]
[Round "9.10"]
[White "Koziol, Kamil"]
[Black "Trubchaninov, Timur"]
[Result "1-0"]
[WhiteElo "1891"]
[BlackElo "1937"]
[PlyCount "0"]
[EventDate "2012.08.17"]

1. e4 {[%clk 1:30:55]} c5 {[%clk 1:30:54]} 2. Nf3 {[%clk 1:31:19]} d6
{[%clk 1:31:15]} 3. d4 {[%clk 1:31:41]} cxd4 {[%clk 1:31:43]} 4. Nxd4
{[%clk 1:32:04]} Nf6 {[%clk 1:32:08]} 5. Nc3 {[%clk 1:32:27]} a6 {[%clk 1:32:30]}
6. Bg5 {[%clk 1:32:44]} e6 {[%clk 1:32:53]} 7. Qf3 {[%clk 1:33:09]} Nbd7
{[%clk 1:32:21]} 8. O-O-O {[%clk 1:33:29]} Qc7 {[%clk 1:31:42]} 9. Qg3
{[%clk 1:33:31]} b5 {[%clk 1:30:48]} 10. Bxb5 {[%clk 1:33:56]} axb5
{[%clk 1:29:59]} 11. Ndxb5 {[%clk 1:34:24]} Qb8 {[%clk 1:27:06]} 12. Nxd6+
{[%clk 1:34:29]} Bxd6 {[%clk 1:27:13]} 13. Qxd6 {[%clk 1:34:48]} Qxd6
{[%clk 1:26:57]} 14. Rxd6 {[%clk 1:35:11]} h6 {[%clk 1:13:08]} 15. Bd2
{[%clk 1:35:17]} Ke7 {[%clk 1:05:45]} 16. Rd4 {[%clk 1:34:00]} Ba6
{[%clk 0:59:32]} 17. f3 {[%clk 1:32:44]} Rhb8 {[%clk 0:45:09]} 18. Be3
{[%clk 1:31:11]} e5 {[%clk 0:35:28]} 19. Rd2 {[%clk 1:26:58]} Bc4
{[%clk 0:35:36]} 20. a4 {[%clk 1:25:05]} Rc8 {[%clk 0:32:44]} 21. Rhd1
{[%clk 1:13:33]} Be6 {[%clk 0:31:35]} 22. Kb1 {[%clk 0:53:06]} Nc5
{[%clk 0:21:08]} 23. Bxc5+ {[%clk 0:42:35]} Rxc5 {[%clk 0:21:34]} 24. Rd3
{[%clk 0:41:57]} Nd7 {[%clk 0:18:54]} 25. b3 {[%clk 0:39:59]} Rac8
{[%clk 0:17:35]} 26. Nd5+ {[%clk 0:38:33]} Ke8 {[%clk 0:14:59]} 27. Ne3
{[%clk 0:38:15]} Rb8 {[%clk 0:14:11]} 28. Kb2 {[%clk 0:37:00]} Rcc8
{[%clk 0:12:47]} 29. Ka3 {[%clk 0:27:59]} Nc5 {[%clk 0:10:30]} 30. Rc3
{[%clk 0:26:55]} Na6 {[%clk 0:09:28]} 31. Rxc8+ {[%clk 0:23:34]} Rxc8
{[%clk 0:09:57]} 32. Rd6 {[%clk 0:22:00]} Nb8 {[%clk 0:08:52]} 33. c4
{[%clk 0:18:44]} Ke7 {[%clk 0:08:55]} 34. Rd1 {[%clk 0:17:26]} Nc6
{[%clk 0:07:26]} 35. b4 {[%clk 0:10:16]} Nd4 {[%clk 0:07:51]} 36. c5
{[%clk 0:10:33]} Kd7 {[%clk 0:04:49]} 37. Nd5 {[%clk 0:10:08]} Kc6
{[%clk 0:04:30]} 38. Ne7+ {[%clk 0:10:19]} Kc7 {[%clk 0:04:54]} 39. Nxc8
{[%clk 0:10:37]} Kxc8 {[%clk 0:05:03]} 40. Rd2 {[%clk 0:40:21]} Kc7
{[%clk 0:32:04]} 41. b5 {[%clk 0:37:16]} Bc4 {[%clk 0:31:39]} 42. Kb4
{[%clk 0:35:49]} Be6 {[%clk 0:29:45]} 43. f4 {[%clk 0:35:00]} f6 {[%clk 0:29:18]}
44. fxe5 {[%clk 0:33:35]} fxe5 {[%clk 0:29:47]} 45. Rb2 {[%clk 0:32:48]} Kb7
{[%clk 0:29:39]} 46. c6+ {[%clk 0:31:58]} Kc7 {[%clk 0:29:59]} 47. Kc5
{[%clk 0:32:10]} Nb3+ {[%clk 0:30:06]} 48. Rxb3 {[%clk 0:31:52]} Bxb3
{[%clk 0:30:33]} 49. a5 {[%clk 0:32:05]} Bc2 {[%clk 0:30:01]} 50. b6+
{[%clk 0:31:36]} Kb8 {[%clk 0:29:06]} 51. Kd5 {[%clk 0:28:45]} Ba4
{[%clk 0:28:21]} 52. c7+ {[%clk 0:27:55]} Kc8 {[%clk 0:28:19]} 53. a6
{[%clk 0:27:39]} 1-0

[Event "European Youth Chess Championship B12"]
[Site "Prague, Top Hotel Prague"]
[Date "2012.08.25"]
[Round "9.11"]
[White "Gimenez Aguirre, Alejo Ismael"]
[Black "Goltsev, Dmitry"]
[Result "1/2-1/2"]
[WhiteElo "1886"]
[BlackElo "1916"]
[PlyCount "30"]
[EventDate "2012.08.17"]

1. e4 e6 2. d4 d5 3. Nd2 Nf6 4. e5 Nfd7 5. f4 c5 6. c3 b6 7. Ndf3 h5 8. Be3 Ba6
9. Bxa6 Nxa6 10. a3 c4 11. Ne2 Nab8 12. Qc2 g6 13. g3 Nc6 14. Rg1 b5 15. h3 Qb6
{...draw after 40} 1/2-1/2

[Event "European Youth Chess Championship B12"]
[Site "Prague, Top Hotel Prague"]
[Date "2012.08.25"]
[Round "9.12"]
[White "Hakobyan, Aram"]
[Black "Petrov, Martin"]
[Result "1-0"]
[WhiteElo "1833"]
[BlackElo "1901"]
[PlyCount "107"]
[EventDate "2012.08.17"]

1. d4 Nf6 2. Nf3 e6 3. g3 d5 4. c4 Be7 5. Bg2 O-O 6. Qc2 b6 7. O-O Bb7 8. Rd1
Nbd7 9. cxd5 Nxd5 10. Nc3 f5 11. Nxd5 Bxd5 12. Ne5 Bxg2 13. Kxg2 Nf6 14. Nc6
Qd7 15. Bg5 Nd5 16. Bxe7 Nxe7 17. Nxe7+ Qxe7 18. Rac1 Rac8 19. Qc6 Qd6 20. e3
Rfd8 21. f4 Qd5+ 22. Qxd5 exd5 23. Rc6 Rd6 24. Rc3 Kf7 25. Rdc1 Rd7 26. b4 Re7
27. Kf2 Ke8 28. b5 Kd7 29. Kf3 h5 30. Ra3 Ra8 31. Kg2 Re6 32. Rac3 Rc8 33. Kh3
Rg6 34. Ra3 Ra8 35. Rac3 Rc8 36. Rc6 Rxc6 37. Rxc6 a6 38. a4 axb5 39. axb5 Ra8
40. Rg6 Ra5 41. Rxg7+ Kc8 42. Rf7 Rxb5 43. Rxf5 Rb3 44. Re5 c6 45. f5 Rb2 46.
Kh4 b5 47. Kg5 b4 48. f6 Rf2 49. Rf5 Rxf5+ 50. Kxf5 Kd7 51. Kg6 b3 52. f7 b2
53. f8=Q b1=Q+ 54. Qf5+ 1-0

[Event "European Youth Chess Championship B12"]
[Site "Prague, Top Hotel Prague"]
[Date "2012.08.25"]
[Round "9.13"]
[White "Haring, Viktor"]
[Black "Poleg, Dan"]
[Result "1-0"]
[WhiteElo "2049"]
[BlackElo "1806"]
[PlyCount "97"]
[EventDate "2012.08.17"]

1. e4 e5 2. Nc3 Nf6 3. f4 exf4 4. e5 Ng8 5. Nf3 d5 6. exd6 Bxd6 7. Bc4 Nf6 8.
Qe2+ Qe7 9. d4 Bf5 10. Ne5 O-O 11. Bxf4 Nbd7 12. O-O Rae8 13. Rae1 Qd8 14. Qf3
Bxc2 15. Re2 Bg6 16. Nxg6 hxg6 17. Bxd6 cxd6 18. Qxb7 Rxe2 19. Nxe2 Qb6 20.
Qxb6 Nxb6 21. Bb3 Re8 22. Nf4 Kf8 23. g4 g5 24. Nh5 d5 25. Nxf6 gxf6 26. Rxf6
Re4 27. h3 Rxd4 28. Rf5 Rd2 29. Rxg5 Rxb2 30. Rf5 Kg7 31. h4 a5 32. Rf2 Rxf2
33. Kxf2 a4 34. Bc2 a3 35. Ke3 Nc4+ 36. Kd4 Nb6 37. Bb3 f5 38. gxf5 Kf6 39. Bc2
Nc4 40. Kc5 Ne3 41. Bb1 Ng2 42. h5 Kg5 43. Kxd5 Nf4+ 44. Kc4 Nxh5 45. Kb4 Ng7
46. Kxa3 Nxf5 47. Kb4 Kf6 48. Bxf5 Kxf5 49. Kc5 1-0

[Event "European Youth Chess Championship B12"]
[Site "Prague, Top Hotel Prague"]
[Date "2012.08.25"]
[Round "9.14"]
[White "Mesaros, Florian"]
[Black "Radovanovic, Mihajlo"]
[Result "1-0"]
[WhiteElo "2045"]
[BlackElo "1806"]
[PlyCount "85"]
[EventDate "2012.08.17"]

1. e4 c5 2. Nf3 d6 3. d4 cxd4 4. Nxd4 Nf6 5. Nc3 g6 6. Be3 Bg7 7. f3 O-O 8. Qd2
Nc6 9. Bc4 Bd7 10. h4 Na5 11. Bb3 Rb8 12. h5 Nxb3 13. axb3 a6 14. Bh6 Bxh6 15.
Qxh6 e5 16. Nde2 Qe7 17. g4 Kh8 18. O-O-O Be6 19. Ng3 Ng8 20. Qd2 Rbd8 21. Rh2
Rd7 22. Rdh1 Qd8 23. Nd5 Nf6 24. g5 Ne8 25. f4 Bxd5 26. exd5 exf4 27. Qxf4 Kg8
28. Rf1 f5 29. hxg6 hxg6 30. Rfh1 Ng7 31. Qd4 Qxg5+ 32. Kb1 Qxg3 33. Rh6 Qe5
34. Qg1 Rf6 35. Qa7 Qxd5 36. Qb8+ Kf7 37. Rh8 Qe4 38. Qg8+ Ke7 39. Qxg7+ Rf7
40. Qc3 d5 41. Re1 b6 42. Rxe4+ dxe4 43. Qe5# 1-0

[Event "European Youth Chess Championship B12"]
[Site "Prague, Top Hotel Prague"]
[Date "2012.08.25"]
[Round "9.15"]
[White "Yurovskich, Oleksandr"]
[Black "Temizkan, Denizcan"]
[Result "1/2-1/2"]
[WhiteElo "2012"]
[BlackElo "1794"]
[PlyCount "40"]
[EventDate "2012.08.17"]

1. d4 d5 2. c4 e6 3. Nc3 c6 4. Nf3 Nf6 5. Bg5 Nbd7 6. cxd5 exd5 7. e3 Be7 8.
Qc2 O-O 9. Bd3 Re8 10. h3 Ne4 11. Bxe4 dxe4 12. Nxe4 Qa5+ 13. Qd2 Bb4 14. Nc3
Nb6 15. a3 Nd5 16. Rc1 Bxc3 17. bxc3 Qxa3 18. O-O f6 19. Bh4 Be6 20. Qc2 Nb6 {
...} 1/2-1/2

[Event "European Youth Chess Championship B12"]
[Site "Prague, Top Hotel Prague"]
[Date "2012.08.25"]
[Round "9.16"]
[White "Dreisler, Tobias"]
[Black "Costachi, Mihnea"]
[Result "0-1"]
[WhiteElo "1861"]
[BlackElo "1972"]
[PlyCount "98"]
[EventDate "2012.08.17"]

1. e4 e5 2. Nf3 Nc6 3. d4 exd4 4. Nxd4 Nf6 5. Nc3 Bb4 6. Nxc6 Bxc3+ 7. bxc3
bxc6 8. Bd3 d5 9. exd5 cxd5 10. O-O O-O 11. Bg5 h6 12. Bh4 Qd6 13. Qf3 Bg4 14.
Qg3 Qxg3 15. Bxg3 c6 16. f3 Be6 17. Rab1 Rfe8 18. Rb7 c5 19. Bb5 Red8 20. Rb1
d4 21. cxd4 cxd4 22. Bd3 Nd5 23. Rb8 Nc3 24. Rxd8+ Rxd8 25. Rb7 Nxa2 26. Rxa7
Nb4 27. Ra4 Nxd3 28. cxd3 Bf5 29. Bf2 Bxd3 30. Rxd4 Rb8 31. Rxd3 Rb1+ 32. Be1
Rxe1+ 33. Kf2 Rb1 34. Rd2 Kh7 35. Kg3 g5 36. h4 Kg6 37. hxg5 hxg5 38. Kf2 Rb4
39. Ra2 f5 40. Rc2 Kh5 41. Ra2 Kh4 42. Rc2 g4 43. Ke3 Kg3 44. fxg4 fxg4 45. Kd3
Rf4 46. Ra2 Rf1 47. Ke4 Rf2 48. Rxf2 Kxf2 49. Kf4 g3 0-1

[Event "European Youth Chess Championship B12"]
[Site "Prague, Top Hotel Prague"]
[Date "2012.08.25"]
[Round "9.17"]
[White "Drozdowski, Konrad"]
[Black "Van Foreest, Lucas"]
[Result "1/2-1/2"]
[WhiteElo "1868"]
[BlackElo "1962"]
[PlyCount "137"]
[EventDate "2012.08.17"]

1. e4 c5 2. Nf3 Nc6 3. d4 cxd4 4. Nxd4 Nf6 5. Nc3 e5 6. Ndb5 d6 7. a4 Be7 8.
Bg5 a6 9. Bxf6 gxf6 10. Na3 f5 11. Bc4 Nd4 12. exf5 Bxf5 13. Nd5 Be4 14. Nxe7
Qxe7 15. Bf1 Qg5 16. c3 Nf5 17. Qd2 Qf6 18. f3 Bc6 19. Nc4 O-O 20. Na5 e4 21.
Nxc6 bxc6 22. O-O-O d5 23. Qf4 Rfe8 24. g4 Qh6 25. g5 Qg6 26. h4 Ng7 27. Qg4
Nh5 28. Be2 f5 29. gxf6 Qxg4 30. fxg4 Nxf6 31. c4 Re5 32. Rhf1 Nd7 33. Rd4 Nc5
34. Rdd1 d4 35. b4 d3 36. Bf3 Nb3+ 37. Kb2 Nd4 38. Bg2 a5 39. Rf4 Rae8 40. b5
cxb5 41. cxb5 Ne2 42. Rxe4 Rxe4 43. Bxe4 Rxe4 44. Rxd3 Rxg4 45. b6 Rxa4 46. b7
Rb4+ 47. Rb3 Rxb3+ 48. Kxb3 Nd4+ 49. Kc4 Nc6 50. Kc5 Nb8 51. Kb6 a4 52. Kc7 a3
53. Kxb8 a2 54. Kc7 a1=Q 55. b8=Q+ Kg7 56. Qb4 Qe5+ 57. Kd8 Kh6 58. Qg4 Qd6+
59. Kc8 Qc5+ 60. Kd8 Qd5+ 61. Ke7 Qc5+ 62. Kd8 Qb6+ 63. Ke7 Qc7+ 64. Ke8 Qc6+
65. Kd8 Qd5+ 66. Ke7 Qb7+ 67. Kd8 Qb6+ 68. Ke7 Qc5+ 69. Kd8 1/2-1/2

[Event "European Youth Chess Championship B12"]
[Site "Prague, Top Hotel Prague"]
[Date "2012.08.25"]
[Round "9.18"]
[White "Barak, Gil"]
[Black "Cannesar, Rad"]
[Result "0-1"]
[WhiteElo "1961"]
[BlackElo "1754"]
[PlyCount "54"]
[EventDate "2012.08.17"]

1. e4 c5 2. Nf3 d6 3. d4 cxd4 4. Nxd4 Nf6 5. Nc3 a6 6. f3 b5 7. a4 b4 8. Na2 e5
9. Nb3 d5 10. exd5 Nxd5 11. c4 bxc3 12. bxc3 Be6 13. c4 Nb6 14. Nd2 Qd4 15. Rb1
Bc5 16. Qb3 Bf5 17. Rb2 Nc6 18. Kd1 O-O 19. g4 Bg6 20. h4 h6 21. h5 Bh7 22. Be2
Rfd8 23. Re1 Na5 24. Qc3 Nxa4 25. Qxa5 Nxb2+ 26. Bxb2 Qxb2 27. Rf1 Qb1+ 0-1

[Event "European Youth Chess Championship B12"]
[Site "Prague, Top Hotel Prague"]
[Date "2012.08.25"]
[Round "9.19"]
[White "Kitze, Alexander"]
[Black "Deac, Bogdan-Daniel"]
[Result "1-0"]
[WhiteElo "1834"]
[BlackElo "1939"]
[PlyCount "51"]
[EventDate "2012.08.17"]

1. e4 c6 2. d4 d5 3. exd5 cxd5 4. c4 Nf6 5. Nc3 Nc6 6. Bg5 dxc4 7. Bxc4 h6 8.
Be3 e6 9. Nf3 Be7 10. O-O O-O 11. a3 b6 12. Qd3 Bb7 13. Ba2 Nb8 14. Rfd1 Nd5
15. Rac1 Nxe3 16. Qxe3 Bd6 17. d5 e5 18. Ne4 Re8 19. Nh4 Bf8 20. Qg3 Na6 21.
Nf5 Bc8 22. Nxh6+ Kh7 23. Nxf7 Qe7 24. Neg5+ Kg8 25. Qh4 Bf5 26. Qh8# 1-0

[Event "European Youth Chess Championship B12"]
[Site "Prague, Top Hotel Prague"]
[Date "2012.08.25"]
[Round "9.20"]
[White "Skripka, Nikita"]
[Black "Ozer, Omer Faruk"]
[Result "0-1"]
[WhiteElo "1916"]
[BlackElo "1755"]
[PlyCount "38"]
[EventDate "2012.08.17"]

1. e4 c5 2. Nf3 e6 3. d4 cxd4 4. Nxd4 Nf6 5. Bd3 Nc6 6. Nxc6 dxc6 7. O-O e5 8.
Bg5 Be7 9. Nd2 Be6 10. Nf3 Nd7 11. Bxe7 Qxe7 12. h3 g5 13. Nh2 h5 14. g4 hxg4
15. hxg4 O-O-O 16. Kg2 Rh4 17. Rh1 Rdh8 18. Be2 Qf6 19. Qd2 Qh6 0-1

[Event "European Youth Chess Championship B12"]
[Site "Prague, Top Hotel Prague"]
[Date "2012.08.25"]
[Round "9.21"]
[White "Janik, Igor"]
[Black "Drori, Saar"]
[Result "1/2-1/2"]
[WhiteElo "1818"]
[BlackElo "1905"]
[PlyCount "96"]
[EventDate "2012.08.17"]

1. e4 e6 2. d4 d5 3. Nd2 Nf6 4. e5 Nfd7 5. Bd3 c5 6. c3 Nc6 7. Ne2 cxd4 8. cxd4
f6 9. exf6 Nxf6 10. Nf3 Bd6 11. O-O O-O 12. Nc3 Bd7 13. h3 Rc8 14. Re1 Bb8 15.
Ne5 Nxd4 16. Bxh7+ Kxh7 17. Qxd4 Bxe5 18. Rxe5 Rc4 19. Qd3+ Kg8 20. b3 Qc7 21.
bxc4 Qxe5 22. Bb2 Qg5 23. cxd5 exd5 24. Rd1 Bc6 25. Bc1 Qh4 26. Be3 a6 27. Qe2
Qc4 28. Qxc4 dxc4 29. f3 b5 30. Bc5 Rc8 31. Bb4 Kf7 32. Kf2 Nd7 33. Ne2 Ne5 34.
Nc1 Be8 35. Bc3 Nc6 36. a3 a5 37. Ne2 Rb8 38. Rb1 g6 39. Be1 Ke6 40. g4 Kd5 41.
Nc3+ Kc5 42. Ne4+ Kb6 43. Nd6 Kc5 44. Ne4+ Kb6 45. Nd6 Ne5 46. Bc3 Nd3+ 47. Ke3
Kc5 48. Ne4+ Kb6 1/2-1/2

[Event "European Youth Chess Championship B12"]
[Site "Prague, Top Hotel Prague"]
[Date "2012.08.25"]
[Round "9.22"]
[White "Tuncer, Tuna"]
[Black "Konaplev, Anton"]
[Result "1-0"]
[WhiteElo "1791"]
[BlackElo "1887"]
[PlyCount "51"]
[EventDate "2012.08.17"]

1. e4 c5 2. Nf3 e6 3. d4 cxd4 4. Nxd4 a6 5. c4 Nf6 6. Nc3 Bb4 7. Qf3 Nc6 8.
Nxc6 dxc6 9. e5 Nd7 10. Qg3 Qa5 11. Bf4 Bxc3+ 12. bxc3 O-O 13. Be2 Kh8 14. O-O
Nc5 15. h4 Ne4 16. Qe3 Nxc3 17. Bd3 b5 18. h5 bxc4 19. Bxc4 Nd5 20. Bxd5 Qxd5
21. Rfd1 Qa5 22. h6 g6 23. Bg5 f5 24. Be7 f4 25. Qd4 Re8 26. Qxf4 1-0

[Event "European Youth Chess Championship B12"]
[Site "Prague, Top Hotel Prague"]
[Date "2012.08.25"]
[Round "9.23"]
[White "Nagdiyev, Niyazi"]
[Black "Navrodskiy, Boris"]
[Result "1-0"]
[WhiteElo "1778"]
[BlackElo "1953"]
[PlyCount "120"]
[EventDate "2012.08.17"]

1. d4 d5 2. c4 e6 3. Nc3 c6 4. Nf3 dxc4 5. a4 Bb4 6. Bd2 a5 7. e3 b5 8. axb5
Bxc3 9. Bxc3 cxb5 10. b3 Bb7 11. bxc4 b4 12. Bd2 Nf6 13. Bd3 Nbd7 14. Qe2 Ne4
15. O-O O-O 16. c5 Bc6 17. Rfd1 Qe7 18. Bb5 Bd5 19. Bxd7 Qxd7 20. Ne5 Qc7 21.
f3 Nxd2 22. Qxd2 f6 23. Nd3 Rfb8 24. Rdb1 Qd7 25. Qc2 Bc6 26. Nb2 Bb5 27. Nc4
Bxc4 28. Qxc4 Qd5 29. Qxd5 exd5 30. Ra4 Rb5 31. Rb3 f5 32. Kf2 Re8 33. Rb2 Kf7
34. Rba2 Ra8 35. Ke2 Ke6 36. Kd3 g6 37. e4 fxe4+ 38. fxe4 dxe4+ 39. Kxe4 b3 40.
Rb2 Rd8 41. g3 Kf6 42. Kd3 Rxc5 43. Rxb3 Rcd5 44. Rb6+ Kg5 45. Ra6 Kg4 46.
R6xa5 Rxa5 47. Rxa5 Kh3 48. Ra2 Kg4 49. Ke4 Re8+ 50. Kd5 Rd8+ 51. Ke5 Re8+ 52.
Kf6 Rd8 53. Rd2 Rd5 54. Ke6 Ra5 55. d5 Kh3 56. d6 Ra7 57. d7 Ra6+ 58. Ke7 Ra7
59. Ke8 Rxd7 60. Kxd7 g5 1-0

[Event "European Youth Chess Championship B12"]
[Site "Prague, Top Hotel Prague"]
[Date "2012.08.25"]
[Round "9.24"]
[White "Lilov, Alekhsandr"]
[Black "Sorokin, Aleksey"]
[Result "0-1"]
[WhiteElo "1778"]
[BlackElo "2110"]
[PlyCount "64"]
[EventDate "2012.08.17"]

1. e4 c6 2. d4 d5 3. Nc3 dxe4 4. Nxe4 Nd7 5. Nf3 Ngf6 6. Nxf6+ Nxf6 7. Bc4 Bf5
8. Qe2 e6 9. Bg5 Be7 10. O-O-O b5 11. Bb3 O-O 12. Kb1 a5 13. a3 Qb6 14. h3 a4
15. Ba2 b4 16. axb4 Qxb4 17. g4 Rab8 18. Bc1 Be4 19. g5 Nd5 20. Ka1 Nc3 21. Qe3
Nxd1 22. Rxd1 Bxc2 23. Rd2 Bg6 24. Ne5 Qd6 25. h4 Rfd8 26. Qf3 c5 27. h5 cxd4
28. Nc6 Bf5 29. Nxd4 Qc5 30. Nxf5 Qxc1+ 31. Bb1 Rxd2 32. Nxe7+ Kf8 0-1

[Event "European Youth Chess Championship B12"]
[Site "Prague, Top Hotel Prague"]
[Date "2012.08.25"]
[Round "9.25"]
[White "Haug, Johannes"]
[Black "Batashevs, Arsens"]
[Result "1-0"]
[WhiteElo "1951"]
[BlackElo "1733"]
[PlyCount "41"]
[EventDate "2012.08.17"]

1. e4 d5 2. exd5 Qxd5 3. Nc3 Qa5 4. d4 c6 5. Nf3 Nf6 6. Bc4 Bg4 7. h3 Bxf3 8.
Qxf3 e6 9. Bd2 Bb4 10. O-O-O Nbd7 11. Kb1 O-O-O 12. a3 Bxc3 13. Bxc3 Qc7 14. b4
Nb6 15. Bb3 Rhe8 16. Rhe1 Nfd5 17. Bd2 Qd7 18. c4 Nc7 19. Bf4 f6 20. Bg3 Qf7
21. Ka1 {unrd} 1-0

[Event "European Youth Chess Championship B12"]
[Site "Prague, Top Hotel Prague"]
[Date "2012.08.25"]
[Round "9.26"]
[White "Ovsepyan, Arshak"]
[Black "Dujava, Jonas"]
[Result "1-0"]
[WhiteElo "1951"]
[BlackElo "1711"]
[PlyCount "76"]
[EventDate "2012.08.17"]

1. d4 Nf6 2. c4 e6 3. Nc3 d5 4. Nf3 c5 5. cxd5 Nxd5 6. e4 Nxc3 7. bxc3 cxd4 8.
cxd4 Bb4+ 9. Bd2 Qa5 10. Be2 Bxd2+ 11. Nxd2 Nc6 12. O-O Nxd4 13. Nc4 Nxe2+ 14.
Qxe2 Qa6 15. e5 O-O 16. Rfd1 b6 17. Rd4 Bb7 18. Qh5 Rac8 19. Rh4 Be4 20. Nd6
Bg6 21. Qg4 Rc2 22. a4 Qe2 23. Qg3 Ra2 24. Rc1 Qd2 25. Rhc4 Rxa4 26. Rc8 Bc2
27. Rxf8+ Kxf8 28. Rf1 g6 29. Qf3 Rf4 30. Qa8+ Kg7 31. g3 Bd3 32. gxf4 Bxf1 33.
Ne8+ Kh6 34. Nf6 Qxf4 35. Qf8+ Kg5 36. Nxh7+ Kh4 37. Qd8+ g5 38. Nf6 Qxh2+ 1-0

[Event "European Youth Chess Championship B12"]
[Site "Prague, Top Hotel Prague"]
[Date "2012.08.25"]
[Round "9.27"]
[White "Shakhov, Mykhail"]
[Black "Lodici, Lorenzo"]
[Result "1/2-1/2"]
[WhiteElo "1781"]
[BlackElo "1878"]
[PlyCount "30"]
[EventDate "2012.08.17"]

1. d4 d5 2. c4 e5 3. dxe5 d4 4. Nf3 Nc6 5. g3 Nge7 6. Bg2 Ng6 7. O-O Be7 8. b3
Ngxe5 9. Bb2 Bf6 10. Nbd2 O-O 11. Nxe5 Nxe5 12. Ne4 Nc6 13. Nxf6+ Qxf6 14. Bxc6
Qxc6 15. Qxd4 f6 {...} 1/2-1/2

[Event "European Youth Chess Championship B12"]
[Site "Prague, Top Hotel Prague"]
[Date "2012.08.25"]
[Round "9.28"]
[White "Demidov, Jan"]
[Black "Stoliarenko, Ivan"]
[Result "1-0"]
[WhiteElo "1870"]
[BlackElo "1641"]
[PlyCount "127"]
[EventDate "2012.08.17"]

1. e4 c5 2. Nc3 Nc6 3. g3 d6 4. Bg2 Nf6 5. d3 g6 6. f4 Bg7 7. Nf3 O-O 8. O-O b6
9. h3 e6 10. g4 d5 11. e5 Nd7 12. g5 Ne7 13. Ne2 Nf5 14. Qe1 Ba6 15. b3 b5 16.
c3 Qb6 17. Kh1 c4 18. bxc4 bxc4 19. d4 Qa5 20. Nh2 Rfb8 21. Ng4 Bf8 22. Ng3
Nxg3+ 23. Qxg3 Ba3 24. Rf2 Bxc1 25. Rxc1 Rb7 26. Nf6+ Nxf6 27. gxf6 Rab8 28.
Qg5 Qa3 29. Qh6 Qf8 30. Qxf8+ Kxf8 31. Rfc2 Bb5 32. Rb2 Ba4 33. Rxb7 Rxb7 34.
Bf3 Rb2 35. Bd1 Bxd1 36. Rxd1 Ke8 37. Rg1 Kd7 38. Rg2 Rb1+ 39. Rg1 Rxg1+ 40.
Kxg1 Kc6 41. Kg2 Kb5 42. Kg3 Ka4 43. Kg4 h6 44. h4 Ka3 45. h5 gxh5+ 46. Kxh5
Kb2 47. f5 exf5 48. e6 fxe6 49. f7 Kxc3 50. f8=Q Kxd4 51. Qf6+ e5 52. Qxf5 c3
53. Qc2 e4 54. Kxh6 e3 55. Kg5 Kc4 56. Kf4 d4 57. Ke4 e2 58. Qxe2+ Kc5 59. Qd3
Kb4 60. Qxd4+ Ka3 61. Qxc3+ Kxa2 62. Kd3 a5 63. Kc2 a4 64. Qb2# 1-0

[Event "European Youth Chess Championship B12"]
[Site "Prague, Top Hotel Prague"]
[Date "2012.08.25"]
[Round "9.30"]
[White "Bashirli, Nail"]
[Black "Hurdzan, Tomas"]
[Result "1/2-1/2"]
[WhiteElo "1769"]
[BlackElo "1842"]
[PlyCount "40"]
[EventDate "2012.08.17"]

1. e4 c5 2. Nf3 Nc6 3. d4 cxd4 4. Nxd4 g6 5. c4 Nf6 6. Nc3 d6 7. Be2 Nxd4 8.
Qxd4 Bg7 9. Bg5 O-O 10. Qd2 Be6 11. Rc1 a6 12. f3 b5 13. cxb5 axb5 14. Nxb5
Rxa2 15. Nd4 Nd7 16. O-O Qb6 17. Be3 Rxb2 18. Qd1 Qb7 19. Rc2 Rxc2 20. Qxc2 Rc8
{...} 1/2-1/2

[Event "European Youth Chess Championship B12"]
[Site "Prague, Top Hotel Prague"]
[Date "2012.08.25"]
[Round "9.31"]
[White "Sazci, Bilgen"]
[Black "Kazantsev, Nikita"]
[Result "0-1"]
[WhiteElo "1680"]
[BlackElo "1837"]
[PlyCount "84"]
[EventDate "2012.08.17"]

1. c4 e5 2. Nc3 Nf6 3. g3 d5 4. cxd5 Nxd5 5. Bg2 Be6 6. Nf3 Nc6 7. O-O Nb6 8.
d3 Be7 9. a3 O-O 10. b4 f6 11. Bb2 Nd4 12. Nxd4 exd4 13. Nb5 c5 14. bxc5 Bxc5
15. Qc2 Qe7 16. Nxd4 Rac8 17. Qd2 Bg4 18. e3 Rfd8 19. Rfc1 Na4 20. Rc2 Qd7 21.
Nb3 Qxd3 22. Qxd3 Rxd3 23. Nxc5 Rxc5 24. Rxc5 Nxc5 25. h3 Bf5 26. Bd4 b6 27. a4
Be6 28. a5 Rb3 29. axb6 axb6 30. Ra8+ Kf7 31. Ra7+ Kg6 32. Rc7 Rb1+ 33. Kh2 Rc1
34. Rc6 Bf5 35. Rxb6 Be4 36. Bxc5 Bxg2 37. Ba3 Rc6 38. Rb7 Bd5 39. Bf8 Bf7 40.
g4 Rc8 41. Bd6 Bd5 42. h4 Bxb7 0-1